000 01118nam a22002537a 4500
001 BD-DhSAU 9519
003 BD-DhSAU
005 20181211113158.0
008 150613b2008 bg a|||| m||| 00| 0 eng d
040 _aBD-DhSAU
082 _222
_a630.715
_bAh52
100 _aAhmed, Sk. Fuad
_eRegistration # 00913
245 _aKnowledge of the farmers towards prawn culture in specific area of Khulna district /
_bMS thesis
_cSk. Fuad Ahmed
260 _aSher-e-Bangla Agricultural University :
_bDepartment of Agricultural Extension & Information System,
_c2008.
300 _av, 89 p. :
_bill. ;
_c30 cm.
500 _aMS thesis of Department of Agricultural Extension & Information System, Faculty of Agriculture, Sher-e-Bangla Agricultural University, Dhaka, Bangladesh
504 _aIncludes bibliographical reference.
590 _aJerin
650 _aAgricultural Extension & Information System
700 _aIslam, Md. Rafiquel
_eSuperviser
700 _aUlla, Md. Shadat
_eCo-superviser
856 _uhttp://archive.saulibrary.edu.bd:8080/xmlui/handle/123456789/1689
942 _2ddc
_cTHESIS
999 _c9519
_d9519